000 00432nam a22001577a 4500
999 _c256968
_d256967
003 OSt
005 20180720102952.0
008 180720b xxu||||| |||| 00| 0 eng d
020 _a0060391901
040 _cN/A
100 _aSear Barry
245 _aMastering the zone:
_bThe next step in achieving superhealth and permanent fat loss
250 _a5th ed
260 _aNewYork
_bHarper Collins Publishers
_c1997
942 _2lcc
_cBK